=LDR 00000nam 2200000 4500 =001 INLIS000000000056749 =005 20200928105108 =035 ##$$a 0010-0920000380 =007 ta =008 200928###########################0###### =082 ##$$a 899.221 3 =084 ##$$a 899.221 3 Zaf s =245 1#$$a Si geblek dan rumah tangganya /$c Zefmon =300 ##$$a 476 halaman ; $c 21 cm =264 ##$$a Selagalas :$b Novelindo Publishing,$c 2020 =336 ##$$a teks$2 rdacontent =337 ##$$a cetak$2 rdamedia =338 ##$$a lain-lain$2 rdacarrier =990 ##$$a 05980598 =990 ##$$a 274/49/2020